Der grosse Brockhaus (Record no. 76337)

MARC details
000 -LEADER
campo de control de longitud fija 00791nam a2200157 i 4500
001 - NÚMERO DE CONTROL
campo de control 76337
003 - IDENTIFICADOR DE NÚMERO DE CONTROL
campo de control ES-MaACL
005 - FECHA Y HORA DE LA ÚLTIMA TRANSACCIÓN
campo de control 20230906172816.0
007 - CAMPO FIJO DE DESCRIPCIÓN FÍSICA--INFORMACIÓN GENERAL
campo de control de longitud fija t|
008 - DATOS DE LONGITUD FIJA--INFORMACIÓN GENERAL
campo de control de longitud fija 040930m19531963gw ||||1| ger d
245 04 - MENCIÓN DEL TÍTULO
Título Der grosse Brockhaus
Resto del título : Sechzehnte, vóllig neubearbeitete auflage in zwölf Bèande, zwe Erganz urgsbèande und ein Atlas.
260 ## - PUBLICACIÓN, DISTRIBUCIÓN, ETC.
Lugar de publicación, distribución, etc. Wiesbaden :
Nombre del editor, distribuidor, etc. Eberhard Brockhaus,
Fecha de publicación, distribución, etc. 1952-1963.
300 ## - DESCRIPCIÓN FÍSICA
Extensión 14 v. :
Otras características físicas il. ;
Dimensiones 25 cm.
505 8# - NOTA DE CONTENIDO CON FORMATO
Nota de contenido con formato Contiene: V. I: A-Beo. -- V. II: Ber-Cz. --V.III: D-Faz. -- V. IV: Fba-Goz. -- V. V: Gp-Iz. -- V. VI: J-Kz. -- V. VII: L-Mij. -- V. VIII: Mik-Par. -- V. IX: Pas-Rim. -- V. X: Rin-Sok. -- V. XI: Sol-unj. -- V. XII: Unk-Zz. -- V. XIII: Ergèanzungsband. -- V. XIV: Zweiter Ergèanzungsband A-Z
852 ## - LOCALIZACIÓN
Ubicación ES-MaACL
Número de control de estantería C-16427-39
Sublocalización o colección R.44767
Holdings
Estatus retirado Estado de pérdida Estado de daño No para préstamo Biblioteca de origen Biblioteca actual Ubicación en estantería Fecha de adquisición Fuente de adquisición Total de préstamos Signatura topográfica completa Código de barras Visto por última vez Precio de reemplazo Tipo de ítem Koha
        Biblioteca del Ateneo de Madrid Biblioteca del Ateneo de Madrid Mesetón 17/01/2008     C-16427-39 1079888 23/02/2023 23/02/2023 Libro impreso